000 00829nam a2200301Ia 4500
001 6573
005 20240113233925.0
007 ta
008 050628s1986 a g b000 u eng u
020 _a0-07-099103-0
040 _aCotton College,Assam
041 _aeng
082 _a530.141
_bEd 54 Th
100 _aEdminister, Joseph A. .
245 0 _aTheory and Problems of Electromagnetics /
_cJoseph A. Edminister.
_hTextual Documents
250 _a1st ed. /
260 _aNew York :
_bMcGraw - Hill book company ,
_c1986.
300 _a202p. :
_bill. ;
_c27cm .
440 _aSchaum`s Outline Series,
490 _aSchaum`s Outline Series,
504 _aIndex
653 _aPhysics
653 _aElectromagnetism
653 _aPG-Physics
942 _2ddc
_cBK
999 _c6560
_d6560